Electrónica industrial moderna (Registro nro. 5375)

Detalles MARC
000 -CABECERA
campo de control de longitud fija 00795aam a2200253 4500
005 - FECHA Y HORA DE ACTUALIZACIÓN
campo de control 20170201094620.0
008 - LONGITUD FIJA
campo de control de longitud fija 150512b xxu||||| |||| 00| 0 spa d
041 ## - IDIOMA
Código de idioma del texto/pista de sonido o título separado
082 ## - CLASIFICACIÓN DECIMAL DEWEY
Número de clasificación 621.381 M253e5
100 ## - AUTOR PERSONAL
Nombre de persona Maloney, Timothy J.
245 ## - TÍTULO PROPIAMENTE DICHO
Título Electrónica industrial moderna
250 ## - EDICIÓN
Mención de edición 5 edición
260 ## - PIE DE IMPRENTA
Lugar de publicación, distribución, etc. México
Nombre del editor, distribuidor, etc. Pearson Educación
Fecha de publicación, distribución, etc. 2006
300 ## - DESCRIPCIÓN FÍSICA
Extensión 1000 páginas
650 ## - Materia General
Materia general ELECTRÓNICA INDUSTRIAL
650 ## - Materia General
Materia general CONTROLADORES LÓGICOS PROGRAMABLES
650 ## - Materia General
Materia general TRIACS
650 ## - Materia General
Materia general TIRISTORES
650 ## - Materia General
Materia general SISTEMA AUTOMÁTICO DE SOLDADURA INDUSTRIAL
650 ## - Materia General
Materia general AMPLIFICADORES OPERACIONALES
650 ## - Materia General
Materia general SISTEMAS DE RETROALIMENTACIÓN
650 ## - Materia General
Materia general ROBÓTICA INDUSTRIAL
942 ## - Punto de Acceso Adicional Koha
Tipo de ítem Koha Libro
Existencias
Estado perdido Estado dañado No para préstamo Biblioteca permanente Biblioteca actual Signatura completa Código de barras Precio efectivo a partir del Tipo de ítem
      Departamento de Biblioteca y Documentación Alfonso Chase Brenes Departamento de Biblioteca y Documentación Alfonso Chase Brenes 621.381 M253e5 14309 01/02/2017 Libro
      Departamento de Biblioteca y Documentación Alfonso Chase Brenes Departamento de Biblioteca y Documentación Alfonso Chase Brenes 621.381 M253e5 14310 01/02/2017 Libro
      Departamento de Biblioteca y Documentación Alfonso Chase Brenes Departamento de Biblioteca y Documentación Alfonso Chase Brenes 621.381 M253e5 14311 01/02/2017 Libro
      Departamento de Biblioteca y Documentación Alfonso Chase Brenes Departamento de Biblioteca y Documentación Alfonso Chase Brenes 621.381 M253e5 14312 01/02/2017 Libro